000 01419nam a2200349 a 4500
001 ebr10479697
003 CaPaEBR
006 m u
007 cr cn|||||||||
008 110712s2011 enka s 001 0 eng d
020 _z1848166168
020 _z9781848166172 (pbk.)
020 _z1848166176 (pbk.)
020 _z9781848166165
020 _z9781848166189 (e-book)
040 _aCaPaEBR
_cCaPaEBR
035 _a(OCoLC)741557200
050 1 4 _aQD75.4.C45
_bT46 2011eb
100 1 _aThompson, Michael.
245 1 0 _aNotes on statistics and data quality for analytical chemists
_h[electronic resource] /
_cMichael Thompson, Philip J. Lowthian.
260 _aLondon :
_bImperial College Press ;
_aHackensack, N.J. :
_bDistributed by World Scientific Pub. Co. Pte. Ltd.,
_c2011.
300 _axiii, 245 p. :
_bill.
500 _aIncludes index.
505 0 _apt. 1. Statistics -- pt. 2. Data quality in analytical measurement.
533 _aElectronic reproduction.
_bPalo Alto, Calif. :
_cebrary,
_d2011.
_nAvailable via World Wide Web.
_nAccess may be limited to ebrary affiliated libraries.
650 0 _aChemistry, Analytic.
650 0 _aChemometrics.
655 7 _aElectronic books.
_2local
700 1 _aLowthian, Philip J.
710 2 _aebrary, Inc.
856 4 0 _uhttp://site.ebrary.com/lib/rucke/Doc?id=10479697
_zAn electronic book accessible through the World Wide Web; click to view
999 _c219576
_d219576